000 00879cab a2200265 4500
001 WB2701-58
008 090401t1990 xxu||||| |||| 00| 0 eng d
035 _a(Sirsi) u65240
041 _aeng
245 _aCommunity charge burden reduced
260 _c1990
350 _a0
490 _aDoE News Release
_vno 698, 13 December 1990 DOE News Release no 712 1
520 _aNew regulations have been laid before Parliament which will give many community charge payers zero rating and reduce the liability of others. A new simplified form of community charge bill has also been devised for use in 1991/2.
650 _aCLERGY
650 _aELDERLY
650 _aEMPTY PROPERTY
650 _aGRANNY FLAT
650 _aSERVICE ACCOMMODATION
650 _aSTUDENTS
650 _aTIED HOUSING
690 _aRATING AND VALUATION
942 _n0
948 _c04/03/1997
999 _c40679
_d40679